Statistics for Europeiska städer på olika europeiska språk

Click here to take the quiz!

General Stats

  • This quiz has been taken 39 times
  • The average score is 27 of 60

Answer Stats

HintAnswer% Correct
RomTyskaRom
100%
LondonEngelska | TyskaLondon
94%
ParisEngelska | Franska | TyskaParis
94%
WarszawaEngelskaWarsaw
85%
MünchenFinska | TyskaMünchen
85%
KöpenhamnEngelska | ItalienskaCopenhagen
85%
MünchenEngelska | FranskaMunich
82%
BrysselTyskaBrüssel
79%
MoskvaEngelskaMoscow
79%
WienFinska | TyskaWien
79%
WienEngelska | ItalienskaVienna
76%
RomEngelska | FranskaRome
76%
VenedigEngelskaVenice
71%
RomItalienskaRoma
65%
BrysselEngelskaBrussels
62%
VenedigTyskaVenedig
59%
BrysselFinskaBryssel
50%
WarszawaPolskaWarszawa
44%
BrysselFranska | ItalienskaBruxelles
38%
MoskvaFinskaMoskova
32%
ParisFinskaPariisi
29%
LondonFinskaLontoo
29%
MoskvaTyskaMoskau
29%
VenedigItalienskaVenezia
29%
RomFinskaRooma
29%
LondonFranskaLondres
26%
KöpenhamnFinskaKööpenhamina
26%
KöpenhamnTyskaKopenhagen
21%
VenedigFinskaVenetsia
21%
WarszawaFranskaVarsovie
21%
WarszawaFinskaVarsova
21%
KöpenhamnFranskaCopenhague
18%
WarszawaTyskaWarschau
18%
WienFranskaVienne
18%
MoskvaPolskaMoskwa
18%
LondonItalienskaLondra
15%
MoskvaFranskaMoscou
15%
ParisItalienskaParigi
15%
KöpenhamnPolskaKopenhaga
9%
WarszawaItalienskaVarsavia
9%
BrysselPolskaBruksela
9%
MoskvaItalienskaMosca
9%
ParisPolskaParyż
9%
RomPolskaRzym
9%
LondonPolskaLondyn
9%
VenedigPolskaWenecja
9%
MünchenPolskaMonachium
9%
VenedigFranskaVenise
9%
WienPolskaWiedeń
9%
MünchenItalienskaMonaco
6%

Score Distribution

Percentile by Number Answered

Percent of People with Each Score

Your Score History

You have not taken this quiz